00634nam a2200169Ia 450000500170000000800460001703700120006304000210007504100130009608400220010910000210013124501170015226000820026930000160035154600570036765000400042420250508154248.0008 250505s9999 xx 000 0 eng d aTextual aFEDL bengcFEDL aeng2eng a371.26, GYAqFEDL aGayen A K et. al 0aMeasurement of achievement in english : A statistical study on effectiveness of board or University examinations aNew Delhi, IndiabNational Council of Educational Research and Trainingc1960 axviii,208p. aReprot No. 2 of the research project on examinations aEducational - Texts and Measurement